Die ältesten Automarken der Welt - Statistiken

Allgemein
  • Dieses Quiz wurde 464 mal gespielt
  • Das Durchschnittsergebnis liegt bei 2 aus 10
Antwortstatistiken
Jahr Marke % Korrekt
Ab 1886 Daimler
70%
Ab 1886 Benz
69%
Ab 1890 Peugeot
24%
1897-1998 Tatra
3%
1894-1956 Delahaye
2%
1895-1956 Lanchester
2%
1896-1953 Lorraine-Dietrich
2%
1898-1934 Martini
2%
1890-1967 Panhard & Levassor
2%
1895-1932 Rochet-Schneider
1%
Keine übereinstimmenden Quizze gefunden
Verteilung der Resultate
Anzahl Personen mit jedem Resultat
Perzentil nach korrekt beantworteten Fragen
Ihre Resultats-Entwicklung
Sie haben dieses Quiz noch nicht gespielt